00473nam a22001097a 4500008004100000040005500041080001400096245016500110260005900275300001600334650001300350230406b |||||||| |||| 00| 0 eng d aNational Science LibrarycNational Science Library a338.9bM8 aEmployment coefficients in technology intensive sectorsc/ A research study sponsored by Department of Science and Technology,Government of India November, 1988 aNew Delhi: bEducational Consultants India Ltd, c1988 axiii, 213p. aResearch